00337nam a2200109Ia 4500008004100000082000800041100001300049245004800062942000600110952009600116999001500212240331s9999 xx 000 0 und d bDEM aLogo. ed 0aDemocracy in Sri Lanka :bLogos V0l.26,No.2 cL 001040708LaWERCLbWERCLcSSCd2024-03-31l0o 320.9 DEMp213r2024-03-31w2024-03-31yL c2316d2316